<?xml version="1.0" encoding="UTF-8"?>
<record
    xmlns:xsi="http://www.w3.org/2001/XMLSchema-instance"
    xsi:schemaLocation="http://www.loc.gov/MARC21/slim http://www.loc.gov/standards/marcxml/schema/MARC21slim.xsd"
    xmlns="http://www.loc.gov/MARC21/slim">

  <leader>01560nam a2200373 i 4500</leader>
  <controlfield tag="001">60664</controlfield>
  <controlfield tag="003">CO-BoRNBP</controlfield>
  <controlfield tag="005">20260312162328.0</controlfield>
  <controlfield tag="007">ta</controlfield>
  <controlfield tag="008">171006s2014    ag a   gr     000 0 spa c</controlfield>
  <datafield tag="020" ind1=" " ind2=" ">
    <subfield code="a">9789871208609</subfield>
  </datafield>
  <datafield tag="040" ind1=" " ind2=" ">
    <subfield code="a">CO-BoUNC</subfield>
    <subfield code="b">spa</subfield>
    <subfield code="e">rda</subfield>
    <subfield code="c">CO-BoUNC</subfield>
  </datafield>
  <datafield tag="041" ind1="0" ind2=" ">
    <subfield code="a">spa</subfield>
  </datafield>
  <datafield tag="082" ind1="0" ind2="4">
    <subfield code="a">853.8</subfield>
    <subfield code="b">S164s</subfield>
    <subfield code="2">21</subfield>
  </datafield>
  <datafield tag="084" ind1=" " ind2=" ">
    <subfield code="a">NG SAL</subfield>
  </datafield>
  <datafield tag="100" ind1="1" ind2=" ">
    <subfield code="a">Salgari, Emilio</subfield>
    <subfield code="d">1862-1911</subfield>
    <subfield code="e">autor</subfield>
    <subfield code="9">40643</subfield>
  </datafield>
  <datafield tag="245" ind1="1" ind2="0">
    <subfield code="a">Sandok&#xE1;n /</subfield>
    <subfield code="c">Emilio Salgari ; adaptado por Manuel Morini ; ilustrados por Rodrigo Luj&#xE1;n.</subfield>
  </datafield>
  <datafield tag="250" ind1=" " ind2=" ">
    <subfield code="a">Primera edici&#xF3;n</subfield>
  </datafield>
  <datafield tag="264" ind1=" " ind2="1">
    <subfield code="a">Buenos Aires</subfield>
    <subfield code="b">Latinbooks,</subfield>
    <subfield code="c">2014.</subfield>
  </datafield>
  <datafield tag="264" ind1=" " ind2="4">
    <subfield code="c">2014</subfield>
  </datafield>
  <datafield tag="300" ind1=" " ind2=" ">
    <subfield code="a">71 p&#xE1;ginas :</subfield>
    <subfield code="b">ilustraciones ;</subfield>
    <subfield code="c">26 cm.</subfield>
  </datafield>
  <datafield tag="336" ind1=" " ind2=" ">
    <subfield code="a">texto</subfield>
    <subfield code="b">txt</subfield>
    <subfield code="2">rdacontent</subfield>
  </datafield>
  <datafield tag="337" ind1=" " ind2=" ">
    <subfield code="a">sin mediaci&#xF3;n</subfield>
    <subfield code="b">n</subfield>
    <subfield code="2">rdamedia</subfield>
  </datafield>
  <datafield tag="338" ind1=" " ind2=" ">
    <subfield code="a">volumen</subfield>
    <subfield code="b">nc</subfield>
    <subfield code="2">rdacarrier</subfield>
  </datafield>
  <datafield tag="490" ind1="0" ind2=" ">
    <subfield code="a">Colecci&#xF3;n novelas gr&#xE1;ficas</subfield>
  </datafield>
  <datafield tag="520" ind1="1" ind2=" ">
    <subfield code="a">La tranquilidad del mar es alterada por un tiro de ca&#xFFFD;&#xFFFD;n. De inmediato, el grito de abordaje resuena en el aire y decenas de piratas caen sobre el barco mercante. La orden del capital: saquear sin derramar sangre. Todo termina, el bot&#xFFFD;n ha sido reunido y los prisioneros liberados. El tigre de malasia ha rugido una vez m&#xFFFD;s, la leyenda de Sandok&#xFFFD;n sigue navegando entre las olas.</subfield>
  </datafield>
  <datafield tag="650" ind1="1" ind2="4">
    <subfield code="a">Literatura infantil.</subfield>
    <subfield code="2">LEMB</subfield>
    <subfield code="9">2746</subfield>
  </datafield>
  <datafield tag="650" ind1="1" ind2="7">
    <subfield code="a">Narrativa italiana</subfield>
    <subfield code="2">LEMB</subfield>
    <subfield code="9">69398</subfield>
  </datafield>
  <datafield tag="650" ind1="1" ind2="7">
    <subfield code="a">Literatura italiana</subfield>
    <subfield code="y">Siglo XIX</subfield>
    <subfield code="2">LEMB</subfield>
    <subfield code="9">69399</subfield>
  </datafield>
  <datafield tag="650" ind1="1" ind2="7">
    <subfield code="a">Historias de aventuras</subfield>
    <subfield code="2">LEMB</subfield>
    <subfield code="9">870</subfield>
  </datafield>
  <datafield tag="700" ind1="1" ind2=" ">
    <subfield code="a">Morini, Manuel</subfield>
    <subfield code="e">adaptar</subfield>
  </datafield>
  <datafield tag="700" ind1="1" ind2=" ">
    <subfield code="a">Luj&#xE1;n, Rodrigo</subfield>
    <subfield code="e">ilustrador</subfield>
    <subfield code="9">69400</subfield>
  </datafield>
  <datafield tag="942" ind1=" " ind2=" ">
    <subfield code="2">ddc</subfield>
    <subfield code="c">BK</subfield>
  </datafield>
  <datafield tag="999" ind1=" " ind2=" ">
    <subfield code="c">60664</subfield>
    <subfield code="d">60664</subfield>
  </datafield>
  <datafield tag="952" ind1=" " ind2=" ">
    <subfield code="0">0</subfield>
    <subfield code="1">0</subfield>
    <subfield code="2">lcc</subfield>
    <subfield code="4">0</subfield>
    <subfield code="7">0</subfield>
    <subfield code="8">012</subfield>
    <subfield code="a">MESJUANI</subfield>
    <subfield code="b">MESJUANI</subfield>
    <subfield code="c">LIT</subfield>
    <subfield code="d">2026-03-12</subfield>
    <subfield code="l">0</subfield>
    <subfield code="o">NG SAL</subfield>
    <subfield code="p">SJU02938</subfield>
    <subfield code="r">2026-03-12 16:24:44</subfield>
    <subfield code="t">Ej.1</subfield>
    <subfield code="w">2026-03-12</subfield>
    <subfield code="y">BKLIT</subfield>
  </datafield>
  <datafield tag="952" ind1=" " ind2=" ">
    <subfield code="0">0</subfield>
    <subfield code="1">0</subfield>
    <subfield code="2">ddc</subfield>
    <subfield code="4">0</subfield>
    <subfield code="7">0</subfield>
    <subfield code="8">012</subfield>
    <subfield code="a">MEGRANAD</subfield>
    <subfield code="b">MEGRANAD</subfield>
    <subfield code="c">LIT</subfield>
    <subfield code="d">2026-04-16</subfield>
    <subfield code="e">BIBLIOTECA NACIONAL</subfield>
    <subfield code="l">0</subfield>
    <subfield code="o">NG-MOR</subfield>
    <subfield code="p">GRDA05380</subfield>
    <subfield code="r">2026-04-16 22:20:21</subfield>
    <subfield code="t">Ej.1</subfield>
    <subfield code="w">2026-04-16</subfield>
    <subfield code="y">BK</subfield>
  </datafield>
</record>
